| 000 | 00000nas##2200000za#4500 |
| 001 | 9.507604 |
| 003 | CaOODSP |
| 005 | 20200325094414 |
| 007 | cr ||||||||||| |
| 008 | 150406c2003||||xxc|| p o||||f| |0eng|d |
| 040 | |aCaOODSP|beng |
| 043 | |an-cn--- |
| 086 | 1 |aPF4-7E-pdf |
| 110 | 1 |aCanada.|bCommunication Canada. |
| 245 | 10|aListening to Canadians on the economy : |h[electronic resource]|bcommunications survey |
| 260 | |aOttawa - Ontario : |bCommunication Canada |
| 310 | |aThree times a year |
| 362 | 1 |aWinter and spring 2003-- |
| 690 | 07|aEconomy|2gcpds |
| 690 | 07|aPublic opinion|2gcpds |
| 690 | 07|aPublic opinion polls|2gcpds |
| 690 | 07|aSurveys|2gcpds |
| 775 | 08|tÀ l'écoute des Canadiens, l'économie : |w(CaOODSP)9.503988 |
| 780 | 00|tListening to Canadians : |w(CaOODSP)9.507149 |